header

May the best man win (Record no. 87479)

MARC details
000 -LEADER
fixed length control field 01390nam a2200349Ia 4500
082 04 - DEWEY DECIMAL CLASSIFICATION NUMBER
Classification number 796/.0941/09041
100 1# - MAIN ENTRY--AUTHOR NAME
Personal name McDevitt, Patrick F.
245 10 - TITLE STATEMENT
Title May the best man win
250 ## - EDITION STATEMENT
Edition statement 1st ed.
260 ## - PUBLICATION, DISTRIBUTION, ETC. (IMPRINT)
Place of publication New York :
Name of publisher Palgrave Macmillan,
Year of publication 2004.
300 ## - PHYSICAL DESCRIPTION
Number of Pages ix, 179 p. :
Other physical details ill.
650 #0 - SUBJECT ADDED ENTRY--TOPICAL TERM
Topical Term Sports and state
Topical Term Nationalism and sports
Topical Term Masculinity.
856 40 - ELECTRONIC LOCATION AND ACCESS
Uniform Resource Identifier http://site.ebrary.com/lib/rucke/Doc?id=10135554

No items available.

© 2026 Rongo University
Contact us: librarian | system librarian | Rongo university